000 00545nam a2200181Ia 4500
008 090124s9999 xx 000 0 und d
082 _b39964
100 _aजोगळेकर योगिनी
245 _a सोनचाफा
250 _a0
260 _bमंगलदीप प्रकाशन
_c2003
300 _a208
600 _aजोगळेकर योगिनी
630 _a सोनचाफा
700 _aजोगळेकर योगिनी
730 _a सोनचाफा
942 _cBOOK
999 _c102685
_d102685